00683nam a22002297a 4500003000400000005001700004008004100021010001300062020002200075035002300097037001600120040001500136082001300151100001500164245005500179260005000234270005000284300002500334500001900359650004200378650003300420dpl20180703152133.0180703b xxu||||| |||| 00| 0 eng d aB-216416 c00.00a8131300668 aB-216416, B-216433 bCen Lib/Ret aDPLbENc0 a921bDUD aDuda, P. N aIndira Gandhi :cby P. N. Dudablife and legacy / aNew DelhibA P H Publishing Corporationc2006 a5, Ansari Raod, Darya GanjbNew Delhie110002 avii,195p. c22cm(Hb) aIncludes index aPrime ministers -- India -- Biography aGandhi, Indira, -- 1917-1984